[Event "e2e4 Gatwick Open 2013"]
[Site "Crawley ENG"]
[Date "2013.04.06"]
[Round "3"]
[White "Arkell,K"]
[Black "Lock,G"]
[Result "1-0"]
[WhiteElo "2465"]
[BlackElo "2173"]

1.c4 c6 2.Nf3 d5 3.e3 e6 4.b3 Nf6 5.Bb2 Nbd7 6.Be2 Bd6 7.d4 Ne4 8.O-O O-O
9.Ne5 Nxe5 10.dxe5 Be7 11.cxd5 cxd5 12.f3 Nc5 13.Nc3 Bd7 14.Qd2 Qb6 15.Kh1 Rfd8
16.Rab1 a5 17.Ba1 Bc6 18.Rfc1 h6 19.Qd4 Qb4 20.Rc2 Nd7 21.Nb5 a4 22.Qxb4 Bxb4
23.Nd4 axb3 24.axb3 Rdc8 25.f4 Nc5 26.Bc3 Bxc3 27.Rxc3 Ne4 28.Rcc1 Bd7 29.Bf3 Kf8
30.Bxe4 dxe4 31.Kg1 Ke7 32.Rxc8 Rxc8 33.Kf2 f5 34.Ra1 Bc6 35.Rc1 Bd7 36.Rxc8 Bxc8
37.Nb5 Bd7 38.Nd6 Bc6 39.Kg3 Bd5 40.b4 Bc6 41.Kh4 g6 42.g4 Bd5 43.Kg3 Bc6
44.gxf5 exf5 45.h4 Kf8 46.h5 Kg7 47.e6 gxh5 48.e7 Kf6 49.e8=Q Bxe8 50.Nxe8+ Ke7
51.Ng7 Kf6 52.Nxh5+ Ke6 53.Kh4 Kd5 54.Ng7 Kc4 55.Nxf5 Kxb4 56.Nd6 b5 57.f5 Kc5
58.Nxb5  1-0

[Event "1st Hofheim Open"]
[Site "Hofheim GER"]
[Date "2013.04.06"]
[Round "8.29"]
[White "Henrich,D"]
[Black "Mager,D"]
[Result "1/2-1/2"]
[WhiteElo "1835"]
[BlackElo "2013"]

1.c4 c6 2.e4 g6 3.Nc3 Bg7 4.g3 e5 5.Bg2 Ne7 6.Nge2 O-O 7.O-O f5 8.d3 d6 9.Be3 Be6
10.Qb3 Qc7 11.Rac1 Nd7 12.Nd5 Nxd5 13.cxd5 Bf7 14.exf5 gxf5 15.Qc2 c5 16.b4 Bh5
17.bxc5 Nxc5 18.Bxc5 dxc5 19.Qb3 Bxe2 20.d6+ c4 21.dxc7 cxb3 22.Bxb7 b2 23.Bxa8 Rc8
24.Bd5+ Kf8 25.Rfe1 bxc1=Q 26.Rxc1 Ke7 27.Bb7 Kd7 28.Bxc8+ Kxc8 29.Rc6 Bxd3
30.Re6 Bb5 31.Re7 Bf6 32.Rf7 Bg5 33.Rxf5 h6 34.h4 Bd2 35.Rxe5 a6 36.Rd5 Bb4
37.Rh5 Bf8 38.Rf5 Bb4 39.Rf6 Bd2 40.f4 h5 41.Kf2 Kxc7 42.Rf5 Kd6 43.Rxh5 Bc4
44.Rg5 a5 45.h5 Bxa2 46.h6 Bb1 47.Rb5 Be4 48.Ke2 Bc3 49.Rb3 Bb4 50.g4 Bh7
51.f5 Ke5 52.Kf3 Kf6 53.Rb1 Kg5 54.Rh1 a4 55.Rh5+ Kf6 56.Ke4 Bd2 57.Rh2  1/2-1/2

[Event "TCh-NED Meesterklasse 2012-13"]
[Site "Netherland NED"]
[Date "2013.04.06"]
[Round "8.10"]
[White "Haast,M"]
[Black "Michielsen,J"]
[Result "1/2-1/2"]
[WhiteElo "2278"]
[BlackElo "2379"]

1.c4 c6 2.Nc3 d5 3.d4 Nf6 4.cxd5 cxd5 5.Bf4 Nc6 6.e3 Bg4 7.Qb3 Na5 8.Qa4+ Bd7
9.Qc2 Rc8 10.Bd3 e6 11.Nf3 b5 12.a3 Be7 13.O-O O-O 14.Ne5 Nc4 15.Rfc1 a6
16.Qe2 Nd6 17.Qf3 Nc4 18.Rc2 Nxb2 19.Nxd5 Nxd3 20.Rxc8 Bxc8 21.Nxf6+ Bxf6
22.Nxd3 Qb6 23.Qg3 Bb7 24.Nc5 Rc8 25.Be5 Bxe5 26.Qxe5 Bd5 27.e4 Bc4 28.Qg3 Rd8
29.Qe3 Qd6 30.f3 Qxd4 31.Qxd4 Rxd4 32.Nxa6 Kf8 33.Nb4 Rd7 34.a4 bxa4  1/2-1/2

[Event "2nd Martinique Open"]
[Site "Fort-de-France FRA"]
[Date "2013.04.07"]
[Round "9.4"]
[White "Miezis,N"]
[Black "Daniel,K"]
[Result "1-0"]
[WhiteElo "2556"]
[BlackElo "1984"]

1.c4 c6 2.e4 e5 3.Nf3 d6 4.Nc3 Nf6 5.d4 Qc7 6.h3 h6 7.g3 Be7 8.Bg2 Nbd7 9.O-O O-O
10.Be3 Kh7 11.Nh4 g6 12.f4 Nh5 13.Nf5 gxf5 14.Qxh5 Nf6 15.Qe2 exd4 16.Bxd4 Nxe4
17.Nxe4 fxe4 18.Qxe4+ f5 19.Qd3 Bd7 20.Rad1 Rae8 21.Kh2 Bf6 22.Bxa7 Bxb2
23.Qxd6 Qxd6 24.Rxd6 Bc8 25.Rf2 Bf6 26.Bb6 Be7 27.Rd3 Bf6 28.a4 Rf7 29.Bf3 Rd7
30.Rxd7+ Bxd7 31.Rd2 Bc8 32.a5 Kg7 33.Kg2 Bc3 34.Rd3 Bf6 35.c5 Ba1 36.g4 fxg4
37.Bxg4 Bxg4 38.hxg4 Bf6 39.Kf3 Rf8 40.Ke4 Rf7 41.Bd8 Ba1 42.Rd6 Bb2 43.a6 bxa6
44.Rxc6 Rd7 45.Ba5 Rd4+ 46.Kf5 Ra4 47.Rxa6 Rc4 48.c6 Bc3 49.Bxc3+ Rxc3 50.Ra7+  1-0

[Event "Open Golden Island Krk"]
[Site "Malinska CRO"]
[Date "2013.04.07"]
[Round "2.7"]
[White "Djurovic,G"]
[Black "Plenca,Jadranko"]
[Result "1/2-1/2"]
[WhiteElo "2391"]
[BlackElo "2108"]

1.c4 c6 2.Nf3 d5 3.e3 Nf6 4.d4 a6 5.Nc3 b5 6.c5 Bg4 7.Qb3 Nbd7 8.a4 Bxf3
9.gxf3 e5 10.Qa3 Rc8 11.Na2 g6 12.Nb4 Nb8 13.axb5 axb5 14.dxe5 Nfd7 15.Nd3 Qe7
16.b4 Bg7 17.f4  1/2-1/2

[Event "Bundesliga 2012-13"]
[Site "Schwetzingen GER"]
[Date "2013.04.07"]
[Round "15"]
[White "Mista,A"]
[Black "Feuerstack,A"]
[Result "1-0"]
[WhiteElo "2543"]
[BlackElo "2421"]

1.c4 c6 2.Nf3 d5 3.e3 Nf6 4.Nc3 g6 5.d4 Bg7 6.Be2 O-O 7.O-O Qb6 8.b3 Bf5
9.a4 a5 10.Ba3 Re8 11.Rc1 Bg4 12.cxd5 Nxd5 13.Bc4 e6 14.Ne4 Na6 15.h3 Bxf3
16.Qxf3 Nab4 17.Nd6 Re7 18.Be2 Qc7 19.Nc4 Rd7 20.Bb2 Rad8 21.g3 Na2 22.Ra1 Ndc3
23.Bd3 b5 24.axb5 cxb5 25.Bxc3 Nxc3 26.Nxa5 Rd5 27.Be4 Nxe4 28.Qxe4 Ra8 29.Rfc1 Qd7
30.Qc2 Rd6 31.b4 e5 32.Qe4 Re8 33.Rc6 f5 34.Rxd6 Qxd6 35.Qc6 Rd8 36.Qxd6 Rxd6
37.dxe5 Bxe5 38.Rc1 Ra6 39.Rc6 Rxc6 40.Nxc6 Bd6 41.Kg2 Kf7 42.g4 Ke6 43.Nd4+ Kd5
44.Nxb5 Bxb4 45.gxf5 gxf5 46.Kf3 Ke5 47.Nd4 Bd6 48.Ne2 Bc7 49.Nf4 Bd6 50.Nd3+ Kd5
51.Ke2 Ke6 52.Ne1 Kf6 53.Nf3 Bc5 54.Nd4 Bb6 55.Kd3 Kg5 56.Kc4 Kh4 57.Nxf5+ Kxh3
58.Kd3 h5 59.Ke2 Kg4 60.Nh6+ Kg5 61.Nf7+ Kf6 62.Nd6 h4 63.Kf3 h3 64.Ne4+ Ke5
65.Nd2 Kf5 66.Kg3 Ba5 67.Nf3 Bb6 68.Nd4+ Ke4 69.Kxh3 Ba5 70.Nb3 Bb6 71.Nd2+ Kd3
72.Nf1  1-0

[Event "87th ch-ARG 2013"]
[Site "Villa Martelli ARG"]
[Date "2013.04.08"]
[Round "6.12"]
[White "Pineiro,Dar"]
[Black "Lorenzini,M"]
[Result "0-1"]
[WhiteElo "2194"]
[BlackElo "2488"]

1.c4 c6 2.g3 d5 3.Nf3 Bg4 4.Bg2 e6 5.O-O Nd7 6.cxd5 exd5 7.d4 Ngf6 8.Ne5 Bf5
9.Nc3 Be7 10.Bf4 O-O 11.a3 a5 12.Qd2 Re8 13.f3 Nxe5 14.Bxe5 Nd7 15.Bf4 Nb6
16.e4 Nc4 17.Qf2 Bg6 18.exd5 cxd5 19.Nb5 Rc8 20.Na7 Ra8 21.Nb5 Nd6 22.Bxd6 Bxd6
23.Nxd6 Qxd6 24.Rac1 Rac8 25.Bh3 Rc4 26.Rfe1 Rxe1+ 27.Qxe1 h6 28.Bf1 Rxd4
29.Qxa5 Kh7 30.Qc3 Ra4 31.Bd3 d4 32.Bxg6+ fxg6 33.Qd3 Ra5 34.Rc4 Rd5 35.a4 Qe6
36.Rc2 Qd7 37.Rc4 h5 38.Kg2 h4 39.gxh4 Qd8 40.Kg3 Qd6+ 41.f4 Qd8 42.Rc2 Rh5
43.Rg2 Qxh4+ 44.Kf3 Qf6 45.Ke2 Qc6 46.Kf2 Rc5 47.Kg3 Qxa4 48.Re2 Rb5 49.Kg2 Rb3
50.Qe4 Qd7 51.Rd2 Qh3+ 52.Kg1 Re3 53.Qxd4 Re1+ 54.Kf2 Rf1+  0-1

[Event "15th Dubai Open 2013"]
[Site "Dubai UAE"]
[Date "2013.04.09"]
[Round "3.15"]
[White "Ghosh,D"]
[Black "Oleksienko,M"]
[Result "1/2-1/2"]
[WhiteElo "2451"]
[BlackElo "2554"]

1.c4 c6 2.Nf3 d5 3.g3 Nf6 4.Bg2 Bg4 5.Ne5 Be6 6.cxd5 Bxd5 7.Nf3 c5 8.Nc3 Bc6
9.O-O e6 10.d3 Be7 11.e4 O-O 12.Qe2 b5 13.a4 b4 14.Nb1 Bb7 15.Nbd2 Nc6 16.Nc4 Na5
17.Nxa5 Qxa5 18.Ne5 Qc7 19.Nc4 Nd7 20.Bf4 e5 21.Be3 Nb6 22.b3 Nxc4 23.dxc4 Rad8
24.Rad1 Rxd1 25.Rxd1 Rd8 26.Rxd8+ Qxd8 27.Qd2 Qxd2 28.Bxd2 Bc8 29.Kf1 g5
30.Ke2 Kg7  1/2-1/2

[Event "15th Dubai Open 2013"]
[Site "Dubai UAE"]
[Date "2013.04.09"]
[Round "3.23"]
[White "Kuzubov,Y"]
[Black "Anurag,M"]
[Result "1-0"]
[WhiteElo "2619"]
[BlackElo "2401"]

1.c4 c6 2.e4 e5 3.Nf3 d6 4.d4 Nd7 5.Nc3 Ne7 6.Be2 Ng6 7.Be3 Be7 8.Qd2 a6
9.d5 Nf6 10.h3 O-O 11.Rc1 cxd5 12.cxd5 Nxe4 13.Nxe4 f5 14.Bd3 Nf4 15.Bxf4 fxe4
16.Bxe4 Rxf4 17.Qd3 Bd7 18.Nd2 Qb6 19.O-O Raf8 20.Nc4 Qa7 21.Rc2 Rxe4 22.Qxe4 Bf5
23.Qe2 Bxc2 24.Qxc2 Qd4 25.Ne3 Bg5 26.Qb3 Qd2 27.Nc4 Qe2 28.Nxd6 Rxf2 29.Rxf2 Be3
30.Ne4 Bxf2+ 31.Nxf2 Qe1+ 32.Kh2 Qxf2 33.d6+ Kf8 34.Qc3 Qf5 35.Kg1 Ke8 36.Qb3 b5
37.Qc3 Qb1+ 38.Kh2 Qe4 39.Qc8+ Kf7 40.Qd7+ Kf6 41.Qe7+ Kg6 42.Qe6+ Kg5 43.Qf7 Qd4
44.Qxg7+  1-0

[Event "ch-ISR 2013"]
[Site "Acre ISR"]
[Date "2013.04.10"]
[Round "5.3"]
[White "Roiz,M"]
[Black "Raznikov,D"]
[Result "1/2-1/2"]
[WhiteElo "2623"]
[BlackElo "2488"]

1.c4 c6 2.Nf3 d5 3.e3 Nf6 4.Nc3 a6 5.Qc2 g6 6.b3 Bg7 7.Bb2 O-O 8.Be2 Re8
9.d4 Bg4 10.h3 Bxf3 11.Bxf3 e6 12.O-O Nbd7 13.Rfd1 Rc8 14.Rac1 Qe7 15.Nb1 Qd8
16.Nd2 h5 17.Be2 Qe7 18.Bf3 Rcd8 19.Re1 Nf8 20.Rcd1 Qc7 21.Be2 N8d7 22.Bf3 Nf8
23.e4 dxe4 24.Bxe4 N8d7 25.Nf3 Nxe4 26.Rxe4 Qa5 27.Re2 b5 28.d5 exd5 29.cxd5 cxd5
30.Rxd5 Rxe2 31.Qxe2 Nf6 32.Bc3 Qb6 33.Bd4 Qc7 34.Rxd8+ Qxd8 35.Qb2 Ne8 36.Bxg7 Nxg7
37.Nd4 Ne6 38.Nxe6 fxe6  1/2-1/2

[Event "23rd ch-SLO 2013"]
[Site "Sentjur SLO"]
[Date "2013.04.10"]
[Round "5.1"]
[White "Tratar,M"]
[Black "Lenic,L"]
[Result "1/2-1/2"]
[WhiteElo "2492"]
[BlackElo "2617"]

1.c4 c6 2.Nf3 d5 3.e3 Nf6 4.d4 e6 5.b3 c5 6.cxd5 Nxd5 7.Bb5+ Nd7 8.O-O a6
9.Be2 cxd4 10.Qxd4 Be7 11.Bb2 Bf6 12.Qd2 Bxb2 13.Qxb2 Qf6 14.Qxf6 N7xf6 15.Rc1 Bd7
16.Nc3 Ke7 17.Nxd5+ Nxd5 18.Ne5 Rhc8 19.Nxd7 Kxd7 20.Bf3 Rc6 21.Rd1 Rd6 22.Bxd5 Rxd5
23.Rxd5+ exd5 24.Rc1 a5 25.Rc5 Kd6 26.Rb5 Kc6 27.a4 b6 28.Kf1 Re8 29.g3 f6
30.Ke2 d4 31.b4 axb4 32.Rxb4 dxe3 33.fxe3 Re5 34.Rc4+ Rc5 35.Kd3 Kd6 36.Rb4 Rd5+
37.Kc4 Rc5+ 38.Kd4 Rd5+ 39.Kc4 Rc5+ 40.Kd4 Rd5+ 41.Ke4  1/2-1/2

[Event "23rd ch-SLO 2013"]
[Site "Sentjur SLO"]
[Date "2013.04.10"]
[Round "6.22"]
[White "Unuk,Laura"]
[Black "Opalic,David"]
[Result "1-0"]
[WhiteElo "2008"]
[BlackElo "1683"]

1.c4 c6 2.Nf3 e6 3.Nc3 Nf6 4.e4 d5 5.e5 Nfd7 6.d4 dxc4 7.Bxc4 Nb6 8.Bd3 N8d7
9.O-O c5 10.Qc2 cxd4 11.Nb5 Nd5 12.a3 Nc5 13.Bxh7 Bd7 14.Nbxd4 Ba4 15.Qb1 Nb3
16.Bc2 Nc5 17.b3 Bd7 18.Bd2 Rc8 19.Qb2 a6 20.Rac1 Be7 21.Rfd1 g5 22.b4 g4
23.bxc5 gxf3 24.Nxf3 Bxc5 25.Be4 b6 26.Bg5 Be7 27.Rxc8 Bxc8 28.Bxe7 Kxe7
29.Bxd5 exd5 30.Nd4 Bb7 31.Qb4+ Ke8 32.Nf5 Qd7 33.Nd6+ Kd8 34.Qxb6+  1-0

[Event "87th ch-ARG 2013"]
[Site "Villa Martelli ARG"]
[Date "2013.04.10"]
[Round "8.19"]
[White "Lopez,Seb"]
[Black "Leal,Jor"]
[Result "1/2-1/2"]
[WhiteElo "2013"]
[BlackElo "1863"]

1.c4 c6 2.d4 d5 3.cxd5 cxd5 4.Nf3 Nf6 5.Nc3 Nc6 6.g3 g6 7.Bg2 Bg7 8.O-O O-O
9.Bf4 Qb6 10.Na4 Qb5 11.Ne5 e6 12.Nxc6 bxc6 13.Be5 Nd7 14.Bxg7 Kxg7 15.b3 Ba6
16.Re1 f5 17.Bf1 Qb7 18.e3 Bb5 19.Nb2 a5 20.Bxb5 cxb5 21.Nd3 Rfc8 22.Qd2 a4
23.b4 Nb6 24.Nc5 Qe7 25.Qe2 Nc4 26.Qf3 g5 27.Rac1 g4 28.Qf4 h5 29.h4 Kg6
30.Nd3 Nd2 31.Kg2 Nf3 32.Red1 Rc4 33.Rxc4 bxc4 34.Nc5 Qe8 35.Qd6 Kf7 36.Rc1 Qe7
37.Qc6 Qe8 38.Qb7+ Kg6 39.Nxe6 Qxe6 40.Qxa8 Qe4 41.Qg8+ Kh6 42.Qh8+ Kg6  1/2-1/2

[Event "ch-ISR 2013"]
[Site "Acre ISR"]
[Date "2013.04.12"]
[Round "7.1"]
[White "Soffer,R"]
[Black "Postny,E"]
[Result "1/2-1/2"]
[WhiteElo "2516"]
[BlackElo "2635"]

1.c4 c6 2.d4 d5 3.Nc3 Nf6 4.cxd5 cxd5 5.Bf4 Nc6 6.e3 Bg4 7.Qb3 Na5 8.Qa4+ Bd7
9.Qc2 e6 10.Bd3 Rc8 11.Nf3 Bb4 12.O-O O-O 13.Ne5 h6 14.h3 Qe7 15.Rfc1 Rfd8
16.Qd1 Bxc3 17.bxc3 Be8 18.c4 dxc4 19.Nxc4 Nxc4 20.Bxc4 Bc6 21.Be5 Nd7 22.Bg3 Nb6
23.Bf1 Nd5 24.Qb3 Qd7 25.Qa3 a6 26.Rab1 Ba4 27.Rc5 Rxc5 28.dxc5 Bc6 29.Rd1 Qe8
30.Qa5 Rd7 31.Bd6 Ne7 32.Rd2 Qd8 33.Qb4 Nf5 34.Bd3 Qg5 35.Be4 Bxe4 36.Qxe4 Qd8
37.g4 Nxd6 38.cxd6 Rxd6 39.Rxd6 Qxd6 40.Qxb7 Qd1+ 41.Kg2 Qa4 42.Qb8+ Kh7
43.Qb1+ g6 44.Qb7 Kg7 45.Qb2+ Kg8 46.Qb8+ Kg7 47.Qb2+ Kg8 48.Qb8+ Kg7 49.Qb2+ Kg8
50.Qb8+  1/2-1/2

[Event "ch-POL 2013"]
[Site "Chorzow POL"]
[Date "2013.04.14"]
[Round "2.12"]
[White "Kanarek,M"]
[Black "Pakleza,Z"]
[Result "1/2-1/2"]
[WhiteElo "2482"]
[BlackElo "2486"]

1.c4 c6 2.d4 d5 3.Nc3 Nf6 4.Nf3 Qb6 5.e3 Bf5 6.Be2 e6 7.Nh4 Be4 8.f3 Bg6
9.Nxg6 hxg6 10.Kf2 Nbd7 11.g3 g5 12.Kg2 Be7 13.Qb3 dxc4 14.Qxc4 e5 15.Rd1 Qb4
16.Qxb4 Bxb4 17.a3 Bxc3 18.bxc3 e4 19.h3 O-O-O 20.Rf1 Rde8 21.fxe4 Rxe4 22.Bf3 Re7
23.Ra2 Nd5 24.Bxd5 cxd5 25.Rf5 Nb6 26.c4 g4 27.hxg4 g6 28.Rg5 f6 29.Rxg6 Reh7
30.Rf2 Rh2+ 31.Kf3 Rxf2+ 32.Kxf2 Rh2+ 33.Ke1 Rh1+ 34.Kd2 Nxc4+ 35.Kc2 Rh2+
36.Kd1 Rh1+ 37.Kc2 Rh2+ 38.Kd1 Rh1+ 39.Kc2  1/2-1/2

[Event "ch-ESP University 2013"]
[Site "Badajoz ESP"]
[Date "2013.04.19"]
[Round "9.10"]
[White "Cuenca Jimenez,F"]
[Black "Pallardo Lozoya,J"]
[Result "0-1"]
[WhiteElo "2186"]
[BlackElo "2360"]

1.c4 c6 2.Nf3 d5 3.b3 Nf6 4.g3 Bf5 5.Bg2 h6 6.O-O e6 7.Bb2 Be7 8.d3 O-O 9.Nbd2 Qb6
10.h3 a5 11.a3 Rd8 12.Qc2 d4 13.Rac1 Na6 14.Rfd1 Bc5 15.g4 Bh7 16.Nf1 Re8
17.N3d2 Rad8 18.Ng3 Bf8 19.Rb1 Qc7 20.Bc1 Bd6 21.Nde4 Nxe4 22.Nxe4  0-1

[Event "TCh-AUT 2 Mitte 2012-13"]
[Site "Fuerstenfeld AUT"]
[Date "2013.04.20"]
[Round "10.1"]
[White "Tratar,M"]
[Black "Haba,P"]
[Result "1-0"]
[WhiteElo "2508"]
[BlackElo "2463"]

1.c4 c6 2.Nf3 d5 3.e3 Nf6 4.d4 Bf5 5.Nc3 e6 6.Nh4 Be4 7.f3 Bg6 8.Qb3 Qc7
9.Bd2 Be7 10.g3 Nbd7 11.Rc1 Nb6 12.c5 Nbd7 13.Qa4 O-O 14.Nxg6 hxg6 15.b4 b5
16.Qc2 a5 17.a3 axb4 18.axb4 e5 19.Bh3 exd4 20.exd4 Nh7 21.O-O Ng5 22.Bg2 Ne6
23.Be3 f5 24.Rfe1 Nf6 25.Bf1 Qd7 26.Bd3 Bd8 27.Ra1 Bc7 28.Qg2 Rfe8 29.Bf2 Ng5
30.Ne2 Kf7 31.h4 Ne6 32.g4 Nf4 33.Nxf4 Bxf4 34.h5 Rxe1+ 35.Rxe1 g5 36.Bxf5 Qc7
37.Qf1 Kf8 38.Re2 Bg3 39.Be3 Bf4 40.Bf2 Bg3 41.Kg2 Bxf2 42.Qxf2 Ra3 43.Bg6  1-0

[Event "ch-LAT 2013"]
[Site "Riga LAT"]
[Date "2013.04.20"]
[Round "9.11"]
[White "Vins,Aleksis"]
[Black "Visockis,J"]
[Result "1/2-1/2"]
[WhiteElo "1915"]
[BlackElo "2144"]

1.c4 c6 2.g3 d5 3.Bg2 e6 4.Nf3 Nf6 5.O-O Be7 6.b3 O-O 7.Bb2 Nbd7 8.e3 b6
9.Qe2 Bb7 10.Nc3 Re8 11.Rfd1 Rc8  1/2-1/2

[Event "ch-LTU 2013"]
[Site "Vilnius LTU"]
[Date "2013.04.20"]
[Round "1.3"]
[White "Zagorskis,D"]
[Black "Labeckas,K"]
[Result "1-0"]
[WhiteElo "2482"]
[BlackElo "2354"]

1.c4 c6 2.d4 d5 3.Nf3 Nf6 4.Qc2 a6 5.Bf4 dxc4 6.Qxc4 b5 7.Qc2 Bb7 8.Nbd2 e6
9.e3 Nbd7 10.Be2 Rc8 11.O-O c5 12.dxc5 Bxc5 13.Qb1 e5 14.Bg5 e4 15.Ne1 h6
16.Bh4 g5 17.Bg3 h5 18.h4 gxh4 19.Bxh4 Qb6 20.Nc2 Rg8 21.b4 Bd6 22.Nd4 Be5
23.N2b3 Nd5 24.Rc1 Qg6 25.Rxc8+ Bxc8 26.g3 N7b6 27.Qe1 Qd6 28.Rc1 Bxd4 29.Nxd4 Qxb4
30.Qd1 Bg4 31.Bxg4 Rxg4 32.Rc6 Rg6 33.Qxh5 Qe1+ 34.Kg2 Rxc6 35.Qh8+ Kd7 36.Qd8+  1-0

[Event "ch-LTU 2013"]
[Site "Vilnius LTU"]
[Date "2013.04.20"]
[Round "6.3"]
[White "Malisauskas,V"]
[Black "Laurusas,T"]
[Result "1-0"]
[WhiteElo "2459"]
[BlackElo "2384"]

1.c4 c6 2.Nf3 d5 3.e3 Nf6 4.d4 Bf5 5.Nc3 e6 6.Nh4 Be4 7.f3 Bg6 8.g3 Nbd7
9.a3 Be7 10.Nxg6 hxg6 11.c5 e5 12.b4 Qc7 13.Kf2 Nf8 14.f4 exd4 15.exd4 Qd7
16.Bg2 Ng4+ 17.Kg1 Nh6 18.h3 Nf5 19.g4 Ng3 20.Rh2 Ne6 21.Be3 Bf6 22.Qe1 Ne4
23.Bxe4 dxe4 24.Nxe4 Bxd4 25.Nd6+ Kf8 26.Rd1 Bf6 27.Qf1 Nc7 28.Nxb7 Nd5 29.Na5 Qe6
30.Bc1 Re8 31.Qf3 Nc3 32.Rf1 Ne2+ 33.Kh1 Nd4 34.Qg2 Nb3 35.f5 Nd4  1-0

[Event "ch-LTU 2013"]
[Site "Vilnius LTU"]
[Date "2013.04.20"]
[Round "8.5"]
[White "Zagorskis,D"]
[Black "Beinoras,M"]
[Result "1/2-1/2"]
[WhiteElo "2482"]
[BlackElo "2359"]

1.c4 c6 2.e4 d5 3.exd5 cxd5 4.d4 Nf6 5.Nc3 e6 6.Nf3 Bb4 7.Bd3 dxc4 8.Bxc4 O-O
9.O-O b6 10.Bg5 Bb7 11.Qe2 Bxc3 12.bxc3 Nbd7 13.Rac1 Qc7 14.Nd2 Rfe8 15.Rfe1 a6
16.Bb3 Rac8 17.f3  1/2-1/2

[Event "48th Capablanca Open I 2013"]
[Site "Havana CUB"]
[Date "2013.04.21"]
[Round "1.34"]
[White "Barros,C"]
[Black "Alvarez,Ro1"]
[Result "1/2-1/2"]
[WhiteElo "2222"]
[BlackElo "2400"]

1.c4 c6 2.Nc3 d5 3.d4 Nf6 4.Nf3 e6 5.cxd5 exd5 6.Bg5 Be7 7.e3 Bf5 8.Bd3 Bxd3
9.Qxd3 Nbd7 10.O-O O-O 11.Rab1 Re8 12.b4 a6 13.a4 Ne4 14.Bxe7 Rxe7 15.Nd2 Nef6
16.b5 axb5 17.axb5 c5 18.dxc5 Nxc5 19.Qf5 Ne6 20.Nb3 d4 21.exd4 Nxd4 22.Nxd4 Qxd4
23.Rbc1 Rae8 24.h3 Qd2 25.Qf3 h6 26.Rfd1 Qg5 27.Kh2 Rc7 28.Re1 Re5 29.Rxe5 Qxe5+
30.g3 Ne4 31.Qe3 Ng5 32.Qxe5 Nf3+ 33.Kg2 Nxe5 34.Re1 f6 35.Ne4 Rc2 36.Rd1 Rb2
37.Nd6 b6 38.g4 Rc2 39.Nf5 g6 40.Ne7+ Kf7 41.Nd5 Rc5 42.Nxb6 Rxb5 43.Nc8 Rb2
44.Nd6+ Ke6 45.Ne4 f5 46.Nc5+ Kf7 47.gxf5 gxf5 48.Rd5 Nc4 49.Rxf5+ Kg6 50.Rf3 Rb5
51.Nd3 Ne5 52.Rg3+ Kf5 53.Nxe5 Rxe5 54.Re3 Ra5 55.Kg3 Ra1 56.Rb3 Rg1+ 57.Kf3 Rh1
58.Rb5+ Kg6 59.Kg4 Rg1+ 60.Kf4 Rh1 61.Rb3 Rf1 62.f3 Rh1 63.Rb6+ Kg7 64.Kf5 Rxh3
65.Rb7+ Kg8 66.f4 Ra3 67.Kg6 Ra6+ 68.Kf5  1/2-1/2

[Event "Zonal 2.5 2013"]
[Site "Montevideo URU"]
[Date "2013.04.21"]
[Round "4.22"]
[White "Nakle,G"]
[Black "Lanzilotta,M"]
[Result "0-1"]
[WhiteElo "1728"]
[BlackElo "1980"]

1.c4 c6 2.g3 d5 3.Bg2 e5 4.cxd5 cxd5 5.Qb3 Nf6 6.Nc3 e4 7.d3 exd3 8.Qb5+ Nc6
9.Qxd3 d4 10.Nb1 Bb4+ 11.Bd2 O-O 12.Nf3 Bxd2+ 13.Nbxd2 Qb6 14.O-O Be6 15.b3 Rad8
16.Nc4 Qb4 17.Rac1 Qe7 18.Nb2 Bd5 19.Qd1 Ne4 20.Nxd4 Nxd4 21.Qxd4 Nxg3 22.hxg3 Bxg2
23.Qxa7 Bxf1 24.Kxf1 Rd2 25.Nc4 Qxe2+ 26.Kg1 Rxa2 27.Qd4 b5 28.Nd6 Rd2 29.Qb6 Rd1+
30.Rxd1 Qxd1+ 31.Kg2 b4 32.Qxb4 Rd8 33.Nc4 Qd5+ 34.f3 h5 35.Qe7 Ra8 36.Qe2 Rd8
37.Qe7 Rb8 38.Qe3 Qd1 39.Nb6 Qc2+ 40.Kh3 Qf5+ 41.Kg2 Qb5 42.Nc4 Qxb3 43.Qxb3 Rxb3
44.Kf2 f6 45.Nd2 Ra3 46.f4 Kf7 47.Nc4 Ra2+ 48.Kf3 Ke6 49.Ke3 Ra4 50.Nd2 Ra3+
51.Kf2 Ra2 52.Ke3 Rxd2 53.Kxd2 Kf5 54.Ke2 Kg4 55.Kf2 h4 56.gxh4 Kxf4 57.Kg2 Kg4  0-1

[Event "TCh-HUN 2012-13"]
[Site "Nagykanizsa HUN"]
[Date "2013.04.21"]
[Round "9"]
[White "Banusz,T"]
[Black "Eltigani,O"]
[Result "1-0"]
[WhiteElo "2583"]
[BlackElo "2295"]

1.c4 c6 2.d4 Nf6 3.Nc3 d5 4.Nf3 e6 5.g3 Nbd7 6.Qd3 Bd6 7.Bg2 O-O 8.O-O a6
9.e4 dxe4 10.Nxe4 Nxe4 11.Qxe4 Re8 12.Bf4 Nf6 13.Qe3 Bxf4 14.Qxf4 Qb6 15.b3 c5
16.dxc5 Qxc5 17.Ne5 a5 18.Rfe1 a4 19.Nd3 Qa3 20.Qd4 Bd7 21.Ne5 Red8 22.Bxb7 Rab8
23.Qa7 Be8 24.Bc6 Qf8 25.Qxa4 Bxc6 26.Nxc6 Ra8 27.Qb4 Rd6 28.Ne5 Rb8 29.Qc3 Rbd8
30.c5 Rd2 31.c6 R2d5 32.b4 Qd6 33.Rac1 Rb5 34.a3 Nd5 35.Qd3 Nc7 36.Qxd6 Rxd6
37.Red1  1-0

[Event "ch-LTU 2013"]
[Site "Vilnius LTU"]
[Date "2013.04.22"]
[Round "4.2"]
[White "Vedrickas,T"]
[Black "Laurusas,T"]
[Result "1/2-1/2"]
[WhiteElo "2279"]
[BlackElo "2384"]

1.c4 c6 2.d4 d5 3.Nc3 Nf6 4.Nf3 dxc4 5.a4 Bf5 6.e3 e6 7.Bxc4 Bb4 8.O-O O-O
9.Qe2 Ne4 10.Nxe4 Bxe4 11.Nd2 Bg6 12.Nb3 Nd7 13.e4 Kh8 14.f3 Qe7 15.Be3 f5
16.e5 f4 17.Bf2 a5 18.Rfd1 Rfc8 19.Rac1 Bf5  1/2-1/2

[Event "Zonal 2.5 2013"]
[Site "Montevideo URU"]
[Date "2013.04.24"]
[Round "8.13"]
[White "Jodorcovsky,P"]
[Black "Lanzilotta,M"]
[Result "1-0"]
[WhiteElo "2165"]
[BlackElo "1980"]

1.c4 c6 2.d4 d5 3.Nf3 Nf6 4.e3 Bf5 5.cxd5 cxd5 6.Qb3 Qc8 7.Bd2 e6 8.Bb5+ Nc6
9.O-O Bd6 10.Bb4 Qc7 11.Rc1 O-O 12.Bxc6 bxc6 13.Nbd2 Rab8 14.Bxd6 Qxd6 15.Qc3 Nd7
16.b3 Rbc8 17.Ne5 f6 18.Nxd7 Qxd7 19.b4 Qd6 20.Nb3 e5 21.Qc5 Qxc5 22.Rxc5 Rb8
23.a3 Bd7 24.Rac1 Rfc8 25.Ra5 Rc7 26.Nc5 Bc8 27.dxe5 fxe5 28.Nd3 e4 29.Ne5 Rb6
30.Rxd5 cxd5 31.Rxc7 Bb7 32.f4 exf3 33.gxf3 h6 34.Nd7 Rg6+ 35.Kf2 Bc6 36.Rc8+  1-0

[Event "Renova FIDE GP Zug"]
[Site "Zug SUI"]
[Date "2013.04.24"]
[Round "6.3"]
[White "Ponomariov,R"]
[Black "Kamsky,G"]
[Result "1-0"]
[WhiteElo "2733"]
[BlackElo "2741"]

1.c4 c6 2.e4 d5 3.exd5 cxd5 4.d4 Nf6 5.Nc3 e6 6.Nf3 Bb4 7.Bd3 dxc4 8.Bxc4 O-O
9.O-O b6 10.Bg5 Bxc3 11.bxc3 Nbd7 12.Bd3 Bb7 13.Re1 Qc7 14.c4 Rfe8 15.Bh4 Rad8
16.Qe2 Qf4 17.Qe3 Qg4 18.h3 Qh5 19.Bxf6 Nxf6 20.Ne5 Nd7 21.f4 Nxe5 22.fxe5 Qh4
23.Rad1 Re7 24.Rf1 Kh8 25.Rf4 Qg5 26.Qf2 Red7 27.h4 Qe7 28.Rf1 Rf8 29.d5 f5
30.exf6 Rxf6 31.Re1 Rd6 32.Qe3 Rxf4 33.Qxf4 Bc8 34.h5 Rd8 35.Qe4 g6 36.hxg6 Qf6
37.gxh7 Bd7 38.Rf1 Qg7 39.dxe6 Bxe6 40.Qxe6 Qd4+ 41.Rf2 Rf8 42.Bf5  1-0

[Event "Heroes Day Masters 2013"]
[Site "Hastings BAR"]
[Date "2013.04.27"]
[Round "2.1"]
[White "Farley,T"]
[Black "Warner,De"]
[Result "1/2-1/2"]
[WhiteElo "2251"]
[BlackElo "2204"]

1.c4 c6 2.Nf3 d5 3.b3 Bg4 4.Ne5 Bh5 5.g4 Bg6 6.Nxg6 hxg6 7.Bb2 d4 8.Bg2 e5
9.b4 Bxb4 10.Qb3 Qb6 11.e3 dxe3 12.fxe3 Nd7 13.O-O Bc5 14.Qc2 Nh6 15.h3 O-O-O
16.Nc3 f5 17.gxf5 gxf5 18.Na4 Qc7 19.Rab1 Be7 20.c5 g5 21.Ba3 e4 22.Qb3 Nf8
23.Bb2 Ng4 24.Rf4 Rd3 25.Qb4 b5 26.cxb6 Bxb4 27.bxc7 gxf4 28.Bxh8 Bxd2 29.hxg4 Bxe3+
30.Kf1 Ng6 31.gxf5 Nxh8 32.Bxe4 Rd4 33.Bxc6 Kxc7 34.Be8 f3 35.Bb5 Rg4 36.Ke1 Nf7
37.Nc3 Bd4 38.Kd2 Ne5 39.Nd5+ Kd6 40.Ne3 Rh4 41.Nc4+ Kd5 42.Nxe5 Kxe5 43.Rf1 Kf4
44.Kd3 Kg3 45.Bc6 Bf2 46.f6 Rd4+ 47.Kc3 Rd6 48.Bb5 Rxf6 49.Bc4 Rc6 50.Kd3 Rxc4
51.Kxc4 Kg2 52.Rb1 Bb6 53.Kd3 Kg3 54.Ke4 f2 55.Kd3 Ba5 56.Ke2 Bb6 57.Rb5 Kf4
58.Rd5  1/2-1/2

[Event "48th Capablanca Open I 2013"]
[Site "Havana CUB"]
[Date "2013.04.28"]
[Round "7.12"]
[White "Hevia,A"]
[Black "Gongora Reyes,M"]
[Result "1/2-1/2"]
[WhiteElo "2515"]
[BlackElo "2428"]

1.c4 c6 2.Nf3 d5 3.e3 Nf6 4.Nc3 a6 5.b3 Bf5 6.Be2 e6 7.Nh4 Bg6 8.Bb2 Nbd7
9.O-O Bd6 10.g3 e5 11.f4 d4 12.exd4 exf4 13.gxf4 Qc7 14.Ng2 h5 15.c5 Be7
16.Qe1 Bf5 17.Bc4 Kf8 18.Nh4 Bg4 19.b4 Re8 20.Qg3 Qd8 21.Rae1 Nxc5 22.dxc5 Qd4+
23.Re3 Qxc4 24.a3 a5 25.f5 axb4 26.Rf4 Qxc5 27.axb4 Qb6 28.Ne4 Rh6 29.Bxf6 Bxf6
30.Nc5 Qd8 31.Ng6+ Kg8 32.Rxe8+ Qxe8 33.Re4 Qa8 34.Qa3 Qd8 35.Nxb7 Bxf5 36.Nxd8 Rxg6+
37.Kf2 Bxe4 38.Ke3 Bd5 39.Qa8 Kh7 40.b5 Bg5+ 41.Ke2 Bxd8 42.Qxd8 Bc4+ 43.Kd1 Bxb5
44.Qh4 Rg1+ 45.Kc2 g6 46.d3 Rf1 47.Qh3 Rf5 48.Qe3 Rd5 49.d4 Rf5 50.Kc3 Kg7
51.h4 Rd5 52.Qe7 Rf5 53.Qc7 Rd5 54.Qe7 Rf5 55.Qc7 g5 56.hxg5 Rxg5 57.Qf4 f6
58.Kb4 Rg4 59.Qe3 Rg5 60.Qe4 Rd5 61.Qe7+ Kg6 62.Qe8+ Kg5 63.Qe3+ Kg4 64.Qe4+ Kg5
65.Qe3+ Kg4 66.Qe4+ Kg5 67.Qe3+  1/2-1/2

[Event "Llucmajor Open 2013"]
[Site "Llucmajor ESP"]
[Date "2013.04.29"]
[Round "2.7"]
[White "Del Rio de Angelis,S"]
[Black "Bestard Borras,M"]
[Result "1-0"]
[WhiteElo "2484"]
[BlackElo "2174"]

1.c4 c6 2.e4 d5 3.exd5 cxd5 4.d4 Nf6 5.Nc3 e6 6.Nf3 Be7 7.cxd5 Nxd5 8.Bc4 Nf6
9.O-O O-O 10.Qe2 b6 11.Bg5 Bb7 12.Rfe1 Nc6 13.Rad1 Nd5 14.Bxd5 Bxg5 15.Be4 Bh6
16.d5 exd5 17.Bxd5 Qb8 18.Nb5 Na5 19.Nd6 Bxd5 20.Rxd5 Bf4 21.Nf5 Re8 22.Ne7+ Kf8
23.Qd3 Rxe7 24.Rxe7 Kxe7 25.Rd7+ Kf6 26.g4 Bxh2+ 27.Kg2  1-0